Catálogo

EL ULTIMO LECTOR (Registro nro. 58996)

Detalles MARC
000 -LEADER
fixed length control field 00718nam a2200205 a 4500
001 - CONTROL NUMBER
control field 58996
005 - DATE AND TIME OF LATEST TRANSACTION
control field 20180714055815.0
008 - FIXED-LENGTH DATA ELEMENTS--GENERAL INFORMATION
fixed length control field 140415s2010 mx 000 0 spa d
020 ## - INTERNATIONAL STANDARD BOOK NUMBER
International Standard Book Number 9786071104137
041 ## - LANGUAGE CODE
Language code of text/sound track or separate title spa
082 ## - DEWEY DECIMAL CLASSIFICATION NUMBER
Classification number 863
Item number TOS
100 1# - MAIN ENTRY--PERSONAL NAME
Personal name RIVERO TOSCANA, DAVID
245 13 - TITLE STATEMENT
Title EL ULTIMO LECTOR
250 ## - EDITION STATEMENT
Edition statement 1a ed.
260 ## - PUBLICATION, DISTRIBUTION, ETC.
Place of publication, distribution, etc. MEXICO :
Name of publisher, distributor, etc. SANTILLANA EDICIONES GENERALES, S.A. DE C.V.,
Date of publication, distribution, etc. 2010
300 ## - PHYSICAL DESCRIPTION
Extent 241
Dimensions 15 x 1.2 x 23.9
490 ## - SERIES STATEMENT
Series statement PENSAMIENTO
520 ## - SUMMARY, ETC.
Summary, etc. TODOS BUSCAN EL FINAL FELIZ, LA ARA SONRIENTE, ROMPER CON EL DESTINO NATURAL, EVITAR LA TRAGEDIA; PRESIGUEN LO BANAL Y DESABRIDO, LO LIGERO Y MUJERIL: SE REHUSAN A HACER LITERATURA.
650 14 - SUBJECT ADDED ENTRY--TOPICAL TERM
Topical term or geographic name entry element NOVELA MEXICANA
Existencias
Withdrawn status Lost status Source of classification or shelving scheme Damaged status Not for loan Collection code Home library Current library Shelving location Date acquired Source of acquisition Inventory number Total Checkouts Full call number Barcode Date last seen Date last checked out Price effective from Koha item type
    Dewey Decimal Classification     General Biblioteca Karol Wojtyla Biblioteca Karol Wojtyla Sala general 03/12/2013 Compra 151000000000000000035466   863 TOS 89285 05/01/2026 10/11/2017 03/12/2013 Libro